000 00985nac a22002651i 4500
003 EG-ScBUE
005 20251216100742.0
008 100902s1959 nyua f b 001 0 eng d
040 _aEG-ScBUE
_beng
_erda
_cEG-ScBUE
_dEG-ScBUE
082 0 4 _a549.12
_bKER
_222
100 1 _aKerr, Paul F.
_q(Paul Francis),
_d1897-1981,
_eauthor.
_917820
245 1 0 _aOptical mineralogy /
_cPaul F. Kerr, Ph.D., Professor of Mineralogy, Columbia University.
250 _aThird edition.
264 1 _aNew York :
_bMcGraw-Hill Book Company, INC.,
_c1959.
300 _axiv, 442 pages :
_billustrations ;
_c24 cm
336 _2rdacontent
_atext
_btxt
337 _aunmediated
_2rdamedia
_bn
338 _avolume
_bnc
_2rdacarrier
500 _a"Previous editions by Austin F. Rogers and Paul F. Kerr."
504 _aIncludes bibliographical references and index.
650 7 _aOptical mineralogy.
_917821
_2BUEsh
655 _vReading book
942 _cBB
_2ddc
999 _c1818
_d1818